<?xml version="1.0" encoding="UTF-8"?>
<record
    xmlns:xsi="http://www.w3.org/2001/XMLSchema-instance"
    xsi:schemaLocation="http://www.loc.gov/MARC21/slim http://www.loc.gov/standards/marcxml/schema/MARC21slim.xsd"
    xmlns="http://www.loc.gov/MARC21/slim">

  <leader>01225    a2200193   4500</leader>
  <controlfield tag="003">Nust</controlfield>
  <controlfield tag="005">20230131115015.0</controlfield>
  <datafield tag="010" ind1=" " ind2=" ">
    <subfield code="a">unk82053230</subfield>
  </datafield>
  <datafield tag="040" ind1=" " ind2=" ">
    <subfield code="c">Nust</subfield>
  </datafield>
  <datafield tag="082" ind1=" " ind2=" ">
    <subfield code="a">808.83,MAR</subfield>
  </datafield>
  <datafield tag="100" ind1=" " ind2=" ">
    <subfield code="a">Marquand, John Phillips,</subfield>
    <subfield code="9">108206</subfield>
  </datafield>
  <datafield tag="245" ind1=" " ind2=" ">
    <subfield code="a">The late George Apley: </subfield>
    <subfield code="b">A novel in the form of a memoir / </subfield>
    <subfield code="c">John P.Marquand,</subfield>
  </datafield>
  <datafield tag="260" ind1=" " ind2=" ">
    <subfield code="a">Boston,</subfield>
    <subfield code="b">Little, Brown, and company</subfield>
    <subfield code="c">1937</subfield>
  </datafield>
  <datafield tag="300" ind1=" " ind2=" ">
    <subfield code="a">vi, 354 p</subfield>
    <subfield code="b">22 cm</subfield>
  </datafield>
  <datafield tag="505" ind1=" " ind2=" ">
    <subfield code="a">A Foreword and Apology (Page-3), The Family Background (Page-9), The Parents (Page-21), The Boyhood Scene (Page-28), Revealing Memorials (Page-59), Harvard Day (Page-68), Europe (Page-93), Law School (Page-105), Marriage (Page-119), Achievements  (Page-131), Problems (Page-141), Portrait of A Gentleman (Page-180), Solitude (Page-204), Hard Again (Page-215), War Days (Page-221), The War Strikes Home (Page-234), William Paley (Page-248),  A Parents Vigil (Page-258), A Son At the Front (Page-266), New Impacts (Page-286), The Turbulent Twenties (Page-299), Crisis (Page-312), Ring in the New (Page-324), Last Pilgrimage (Page-336), A House In Order (Page-347).</subfield>
  </datafield>
  <datafield tag="600" ind1=" " ind2=" ">
    <subfield code="a">Marquand, John Phillips,</subfield>
    <subfield code="9">108206</subfield>
  </datafield>
  <datafield tag="650" ind1=" " ind2=" ">
    <subfield code="a">The late George Apley,</subfield>
    <subfield code="9">108207</subfield>
  </datafield>
  <datafield tag="942" ind1=" " ind2=" ">
    <subfield code="2">ddc</subfield>
    <subfield code="c">FIC</subfield>
    <subfield code="k">808.83,MAR</subfield>
  </datafield>
  <datafield tag="999" ind1=" " ind2=" ">
    <subfield code="c">186407</subfield>
    <subfield code="d">186407</subfield>
  </datafield>
  <datafield tag="952" ind1=" " ind2=" ">
    <subfield code="0">0</subfield>
    <subfield code="1">0</subfield>
    <subfield code="2">ddc</subfield>
    <subfield code="4">0</subfield>
    <subfield code="7">0</subfield>
    <subfield code="a">MCS</subfield>
    <subfield code="b">MCS</subfield>
    <subfield code="c">GEN</subfield>
    <subfield code="d">2016-12-12</subfield>
    <subfield code="o">808.83,MAR</subfield>
    <subfield code="p">MCS29428</subfield>
    <subfield code="r">2016-12-08</subfield>
    <subfield code="w">2016-12-12</subfield>
    <subfield code="y">BK</subfield>
    <subfield code="z">Almirah No. 57, Shelf No. 1</subfield>
  </datafield>
</record>
